| 000 | 01159nam a2200301 i 4500 | ||
|---|---|---|---|
| 001 | bg | ||
| 100 | 1 | _aSmolarek, Leszek. | |
| 245 | 1 | 0 |
_aModelowanie bezpieczeństwa dryfujących środków ratunkowych w transporcie morskim / _cLeszek Smolarek. |
| 246 | 0 | 1 |
_iTyt. równol. : _aThe |safety modelling of drifting rescue units in maritime transport |
| 260 |
_aWarszawa : _bOficyna Wydawnicza Politechniki Warszawskiej, _c2007. |
||
| 300 |
_a149, [1] s. : _bil. : _c24 cm. |
||
| 490 | 1 |
_aPrace Naukowe / Politechnika Warszawska. Transport, _x1230-9265 ; _vz. 58 |
|
| 500 | _aOpis wg okł. Odm. tyt. serii w nagł. : Prace Naukowe Politechniki Warszawskiej. | ||
| 504 | _aBibliogr. s. 140-146. | ||
| 546 | _aStrescz. ang. | ||
| 650 | 9 |
_aTransport morski _xbezpieczeństwo |
|
| 650 | 9 |
_aŻegluga _xbezpieczeństwo |
|
| 650 | 9 |
_aModele matematyczne _xstosowanie |
|
| 830 | 0 |
_aPrace Naukowe - Politechnika Warszawska. _pTransport, _x1230-9265 ; _vz. 58 |
|
| 020 | _a12309265 | ||
| 040 | _cBPK | ||
| 041 | 0 |
_apol _beng |
|
| 044 | _aPOL | ||
| 080 | _a629.5.067:656.6:519.87 | ||
| 942 | _cKS | ||
| 008 | s pl f |000 0 pol | ||
| 999 |
_c54174 _d54174 |
||
| 856 |
_uhttp://koha.tu.koszalin.pl/cgi-bin/koha/opac-detail.pl?biblionumber=54174 _yKatalog online BPK |
||